Heritage asset management in recreational learning environments with interpretive tools and processes : διατριβή (διδακτορική)
Αποθηκεύτηκε σε:
| Κύριος συγγραφέας: | |
|---|---|
| Συγγραφή απο Οργανισμό/Αρχή: | |
| Μορφή: | Thesis Βιβλίο |
| Γλώσσα: | English |
| Δημοσίευση: |
2013.
|
| Θέματα: | |
| Διαθέσιμο Online: | ... |
| Ετικέτες: |
Προσθήκη ετικέτας
Δεν υπάρχουν, Καταχωρήστε ετικέτα πρώτοι!
|
MARC
| LEADER | 00000cam a2200000 a 4500 | ||
|---|---|---|---|
| 001 | 1/113137 | ||
| 008 | 170221s2013####gr | ||| |||| ||eng|| | ||
| 040 | |a GR-MyUa |b gre |c GR-MyUa |e AACR2 | ||
| 041 | 0 | |a eng | |
| 082 | 7 | |a 338.4791 |2 (23) | |
| 100 | 1 | |a Παπαθανασίου-Ζουρτ, Δωροθέα. | |
| 245 | 1 | 0 | |a Heritage asset management in recreational learning environments with interpretive tools and processes : |b διατριβή (διδακτορική) / |c Παπαθανασίου - Ζουρτ, Δωροθέα ; επιστημονικός υπεύθυνος Τσάρτας Πάρις . |
| 260 | |c 2013. | ||
| 300 | |a 2 τ. : |b διαγρ., εικ., πίν., φωτ. ; |c 27 εκ. | ||
| 502 | |a Διατριβή (διδακτορική) - Πανεπιστήμιο Αιγαίου, Χίος, 2013. | ||
| 504 | |a Περιλαμβάνει βιβλιογραφία. | ||
| 650 | 0 | |a Heritage tourism |x Management. | |
| 650 | 0 | |a Culture and tourism. | |
| 650 | 0 | |a Cultural property |x Management. | |
| 650 | 0 | |a Information technology. | |
| 700 | 1 | |a Τσάρτας, Πάρις, |d 1956- |e dgs | |
| 710 | 1 | |a Πανεπιστήμιο Αιγαίου |b Σχολή Επιστημών της Διοίκησης |b Τμήμα Διοίκησης Επιχειρήσεων - Τ.Δ.Ε. | |
| 852 | |a INST |b CHIOS |c DIATR |e 20170221 |h 338.4791 ΠΑΠ |p 005200036855 |q 005200036855 |t PHD |y 23 | ||
| 852 | |a INST |b CHIOS |c DIATR |e 20170221 |h 338.4791 ΠΑΠ |p 005200036856 |q 005200036856 |t PHD |y 23 | ||
| 852 | |a INST |b CHIOS |c DIATR |e 20170221 |h 338.4791 ΠΑΠ |p 005200036857 |q 005200036857 |t PHD |y 23 | ||
| 852 | |a INST |b CHIOS |c DIATR |e 20170221 |h 338.4791 ΠΑΠ |p 005200036858 |q 005200036858 |t PHD |y 23 | ||
| 856 | |u ... | ||
| 924 | |a Παπαθανασίου - Ζουρτ |b Δωροθέα |y Χίος |z 2013-11 | ||
| 970 | |a Παροικάκη |b Βασιλική |z 21-02-2017 | ||